000 00820nam a2200253Ia 4500
003 OSt
005 20220923225305.0
006 a|||||r|||| 00| 0
007 ta
008 220922b |||||||| |||| 00| 0 hin d
024 _a262,083
037 _cTextual
040 _aARTS
_cARTS
_bhin
041 _2hin
_ahin
082 _aO152,1N52, N0
100 _aइन्द्रपाल सिंह, इन्द्र
_9163685
245 0 _aइन्द्रधनुष
246 _aIndradhanuṣha
260 _aआगरा
_b वागीश्वरी प्रकाशन
_c1990
300 _a92पृ.
_ccm.
650 _aहिन्दी कविता
942 _hO152,1N52, N0
_cTEXL
_2CC
999 _c377257
_d377257